10 Najmniej Zgadywanych Państw W Jetpunk - Statystyki

Ogólne statystyki
  • Ten quiz został rozwiązany 90 razy
  • Średni wynik to 7 z 10
Statystyki odpowiedzi
Odpowiedź % Poprawnych
15% Vanuatu
80%
15% Nauru
73%
16% Saint Lucia
73%
15% Tuvalu
73%
16% Palau
71%
16% Saint Kitts i Nevis
68%
15% Saint Vincent i Grenadyny
67%
17% Samoa
67%
15% Tonga
65%
16% Grenada
52%
Nie znaleziono quizów pasujących do podanych kryteriów
Rozkład punktacji
Procent ludzi z każdym wynikiem
Percentyl według liczby udzielonych odpowiedzi
Twoja historia wyników
Nie rozwiązałeś tego quizu